000 00260nam a22001217a 4500
008 171014b xxu||||| |||| 00| 0 eng d
041 _aeng
080 _a330.101.541
100 _a52
101 _aMAK
245 _aPREVIEW SAMPLER
_cHUBBARD
942 _2udc
_cBK
999 _c33891
_d33891